Countries by Largest City, In Order (World) - Statistics

General Stats
  • This quiz has been taken 17 times
    14 since last reset
  • The average score is 44 of 196
Answer Stats
Population City Country % Correct
47,600,000 Guangzhou China
100%
40,500,000 Tokyo Japan
100%
20,300,000 Dhaka Bangladesh
89%
22,600,000 São Paulo Brazil
89%
31,300,000 Delhi India
89%
32,100,000 Jakarta Indonesia
89%
24,500,000 Mexico City Mexico
89%
26,300,000 Manila Philippines
89%
25,000,000 Seoul South Korea
89%
19,400,000 Bangkok Thailand
89%
21,800,000 New York United States
89%
21,500,000 Cairo Egypt
78%
11,400,000 Paris France
78%
20,100,000 Lagos Nigeria
78%
18,200,000 Karachi Pakistan
78%
17,400,000 Moscow Russia
78%
14,800,000 London United Kingdom
78%
16,600,000 Buenos Aires Argentina
67%
9,800,000 Bogotá Colombia
67%
13,900,000 Kinshasa Democratic Republic of the Congo
67%
11,100,000 Lima Peru
67%
8,400,000 Riyadh Saudi Arabia
67%
14,200,000 Johannesburg South Africa
67%
9,150,000 Taipei Taiwan
67%
16,200,000 Istanbul Turkey
67%
10,600,000 Ho Chi Minh City Vietnam
67%
8,450,000 Luanda Angola
56%
7,650,000 Toronto Canada
56%
5,650,000 The Ruhr Germany
56%
15,500,000 Tehran Iran
56%
7,150,000 Baghdad Iraq
56%
9,150,000 Kuala Lumpur Malaysia
56%
5,750,000 Yangon Myanmar
56%
1,804 Denigomodu Nauru
56%
7,000 Dogana San Marino
56%
6,450,000 Dar es Salaam Tanzania
56%
6,320 Funafuti Tuvalu
56%
825 Vatican City Vatican City
56%
5,400,000 Sydney Australia
44%
7,800,000 Santiago Chile
44%
13,856 Weno Federated States of Micronesia
44%
6,039 Schaan Liechtenstein
44%
7,900,000 Singapore Singapore
44%
6,700,000 Madrid Spain
44%
6,500,000 Khartoum Sudan
44%
3,775,000 Caracas Venezuela
44%
3,900,000 Addis Ababa Ethiopia
33%
5,200,000 Accra Ghana
33%
3,500,000 Athens Greece
33%
6,150,000 Milan Italy
33%
5,750,000 Abidjan Ivory Coast
33%
6,100,000 Nairobi Kenya
33%
3,275,000 Rotterdam Netherlands
33%
14,000 Koror City Palau
33%
20,000 Castries Saint Lucia
33%
26,828 Kingstown Saint Vincent and the Grenadines
33%
37,391 Apia Samoa
33%
3,925,000 Dakar Senegal
33%
23,221 Nuku'alofa Tonga
33%
3,475,000 Kiev Ukraine
33%
5,700,000 Dubai United Arab Emirates
33%
4,025,000 Algiers Algeria
22%
19,403 Andorra la Vella Andorra
22%
22,219 St. John's Antigua and Barbuda
22%
110,000 Bridgetown Barbados
22%
2,725,000 Brussels Belgium
22%
74,749 Moroni Comoros
22%
4,000,000 Santo Domingo Dominican Republic
22%
3,200,000 Guatemala City Guatemala
22%
63,439 South Tarawa Kiribati
22%
2,750,000 Antananarivo Madagascar
22%
37,308 Monaco Monaco
22%
4,550,000 Casablanca Morocco
22%
2,350,000 Maputo Mozambique
22%
3,200,000 Kathmandu Nepal
22%
71,868 São Tomé São Tomé and Príncipe
22%
26,350 Victoria Seychelles
22%
130,176 Honiara Solomon Islands
22%
4,825,000 Colombo Sri Lanka
22%
3,675,000 Kampala Uganda
22%
51,437 Port Vila Vanuatu
22%
2,900,000 Sana'a Yemen
22%
4,475,000 Kabul Afghanistan
11%
274,400 Nassau Bahamas
11%
65,173 Belize City Belize
11%
202,715 Bandar Seri Begawan Brunei
11%
2,650,000 Ouagadougou Burkina Faso
11%
2,575,000 Phnom Penh Cambodia
11%
3,500,000 Yaoundé Cameroon
11%
159,050 Praia Cape Verde
11%
2,225,000 Havana Cuba
11%
14,725 Roseau Dominica
11%
244,584 Dili East Timor
11%
3,200,000 Guayaquil Ecuador
11%
185,913 Suva Fiji
11%
33,734 St. George's Grenada
11%
2,600,000 Conakry Guinea
11%
3,325,000 Port-au-Prince Haiti
11%
5,700,000 Amman Jordan
11%
4,500,000 Kuwait City Kuwait
11%
124,528 Luxembourg City Luxembourg
11%
3,675,000 Bamako Mali
11%
32,204 St. Paul's Bay Malta
11%
27,797 Majuro Marshall Islands
11%
146,737 Port Louis Mauritius
11%
2,975,000 Pyongyang North Korea
11%
2,350,000 Warsaw Poland
11%
2,500,000 Lisbon Portugal
11%
2,300,000 Doha Qatar
11%
2,200,000 Bucharest Romania
11%
14,000 Basseterre Saint Kitts and Nevis
11%
2,000,000 Mogadishu Somalia
11%
240,924 Paramaribo Suriname
11%
3,900,000 Damascus Syria
11%
3,300,000 Tashkent Uzbekistan
11%
2,800,000 Lusaka Zambia
11%
557,422 Tirana Albania
0%
1,500,000 Yerevan Armenia
0%
2,225,000 Vienna Austria
0%
2,625,000 Baku Azerbaijan
0%
1,570,000 Manama Bahrain
0%
2,050,000 Minsk Belarus
0%
1,890,000 Cotonou Benin
0%
114,551 Thimphu Bhutan
0%
2,175,000 Santa Cruz Bolivia
0%
555,210 Sarajevo Bosnia and Herzegovina
0%
431,437 Gaborone Botswana
0%
1,300,000 Sofia Bulgaria
0%
1,600,000 Bujumbura Burundi
0%
1,230,000 Bangui Central African Republic
0%
1,610,000 N'Djamena Chad
0%
2,375,000 San José Costa Rica
0%
1,153,255 Zagreb Croatia
0%
244,200 Nicosia Cyprus
0%
1,460,000 Prague Czech Republic
0%
1,690,000 Copenhagen Denmark
0%
600,000 Djibouti Djibouti
0%
1,880,000 San Salvador El Salvador
0%
290,000 Bata Equatorial Guinea
0%
1,258,001 Asmara Eritrea
0%
437,619 Tallinn Estonia
0%
94,874 Mbabane Eswatini
0%
1,320,000 Helsinki Finland
0%
703,940 Libreville Gabon
0%
1,010,000 Banjul Gambia
0%
1,360,000 Tbilisi Georgia
0%
492,004 Bissau Guinea-Bissau
0%
118,369 Georgetown Guyana
0%
1,230,000 San Pedro Sula Honduras
0%
2,625,000 Budapest Hungary
0%
232,280 Reykjavik Iceland
0%
1,400,000 Dublin Ireland
0%
2,725,000 Tel Aviv Israel
0%
1,243,072 Kingston Jamaica
0%
2,175,000 Almaty Kazakhstan
0%
477,312 Pristina Kosovo
0%
1,120,000 Bishkek Kyrgyzstan
0%
948,477 Vientiane Laos
0%
931,918 Riga Latvia
0%
1,790,000 Beirut Lebanon
0%
330,760 Maseru Lesotho
0%
1,650,000 Monrovia Liberia
0%
1,290,000 Tripoli Libya
0%
706,832 Vilnius Lithuania
0%
1,090,000 Lilongwe Malawi
0%
227,486 Malé Maldives
0%
1,310,000 Nouakchott Mauritania
0%
702,300 Chișinău Moldova
0%
1,430,000 Ulaanbaatar Mongolia
0%
201,351 Podgorica Montenegro
0%
325,858 Windhoek Namibia
0%
1,490,000 Auckland New Zealand
0%
1,350,000 Managua Nicaragua
0%
1,350,000 Niamey Niger
0%
578,144 Skopje North Macedonia
0%
1,210,000 Oslo Norway
0%
1,330,000 Muscat Oman
0%
1,560,000 Panama City Panama
0%
364,145 Port Moresby Papua New Guinea
0%
2,375,000 Asunción Paraguay
0%
2,350,000 Brazzaville Republic of the Congo
0%
1,230,000 Kigali Rwanda
0%
1,430,000 Belgrade Serbia
0%
1,860,000 Freetown Sierra Leone
0%
659,598 Bratislava Slovakia
0%
537,893 Ljubljana Slovenia
0%
525,953 Juba South Sudan
0%
2,250,000 Stockholm Sweden
0%
1,450,000 Zürich Switzerland
0%
1,030,000 Dushanbe Tajikistan
0%
2,175,000 Lomé Togo
0%
101,297 Chaguanas Trinidad and Tobago
0%
2,725,000 Tunis Tunisia
0%
1,440,000 Ashgabat Turkmenistan
0%
1,870,000 Montevideo Uruguay
0%
2,075,000 Harare Zimbabwe
0%
No matching quizzes found
Score Distribution
Percent of People with Each Score
Percentile by Number Answered
Your Score History
You have not taken this quiz since the last reset